000 00583nam a2200193Ia 4500
005 20260114185743.0
008 008 260114s9999 xx 000 0 eng d
020 _a9781509947584
037 _aEBOOK
040 _aCRL
_beng
_cCRL
041 _aeng
_2eng
084 _qCRL
100 _aIgor Nikolic
_9873977
245 0 _aLicensing Standard Essential Patents FRAND and the Internet of Things
260 _bBloomsbury
_c2021
856 _uhttps://doi.org/10.5040/9781509947584?locatt=label:secondary_bloomsburyCollections
942 _cEBOOK
999 _c1472915
_d1472915